Yhdistä artisti ja kappale #3 - Statistics

Yleistilastot
  • Tätä visaa on pelattu 193 kertaa
  • Keskiarvotulos 17 / 38
Vastaustilastot
Hint Vastaus % Oikein
Erika Vikman Cicciolina
84%
Mirella Timanttei
84%
Robin Häitä pidelly
83%
Ellinoora Elefantin paino
80%
Mikael Gabriel Älä herätä mua unesta
79%
Kuumaa Tuhoaisti
68%
JVG Älä jätä roikkuu
67%
Juice Leskinen Viidestoista yö
64%
Antti Tuisku Pyydä multa anteeks kunnolla
63%
Abreu Teipillä tai rakkaudella
62%
Haloo helsinki Piilotan mun kyyneleet
61%
Bee Viimeisiä sanoja
61%
Viivi Mitä näil korteil saa?
58%
Pehmoaino Maasta taivaaseen
56%
Behm Tivolit
56%
Diandra Paha poika
53%
Etta Viikonloppufaijoi
53%
Anna Puu Ota minut tällaisena kuin nyt oon
49%
Kaija Koo Siniset tikkaat
49%
Sanni Vahinko
44%
Anna Erikkson Kun katsoit minuun
43%
Virve Rosti Menolippu
43%
Maustetytöt Eivät enkelitkään ilman siipiä lennä
41%
Hugo Painajaiset
36%
Mikko Alatalo Ihmisen ikävä toisen luo
33%
Johanna Kurkela Prinsessalle
32%
Ville Veikka 100 asiaa
29%
Jannika B Paras osa
27%
Janna Anna mä puhallan
26%
Ida Paul & Kalle Lindroth Päällekkäin
21%
Tina Noitanainen
20%
Juhana Haukkala Koti-iskä
18%
Alisa Syrjä Sydämetön
17%
Faija Milla magia
16%
Vilma Alina Peikonlehti
14%
Aatulove Särkyvää
14%
Samuli Edelmann Painavat kengät
7%
Jemina Ihmishirviö
6%
Ehtoja vastaavia visoja ei löytynyt
Tulosjakauma
Jokaisen tuloksen saaneiden osuus
Persentiili vastausten määrän mukaan
Tuloshistoriasi
Et ole pelannut tätä visaa